000 00352nam a2200145Ia 4500
008 150201s2014 xx 000 0 und d
082 _a612
_bB14V
100 _aVENKATESH
245 _aBASICS OF MEDICAL PHYSIOLOGY FOR NURSING
250 _a3RD
260 _bWOLTER KLUWER
_aDELHI
_c2014
300 _a308
650 _aPHYSIOLOGY
942 _2ddc
_cBK
_08
999 _c2277
_d2277